000 00534nam a2200169Ia 4500
999 _c22425
_d22425
003 OSt
005 20200515090740.0
008 190216s9999||||xx |||||||||||||| ||und||
040 _coclc
082 _a297.14
_bHAS/D
100 _aHaskafi, Muhammad Ala-Ud-Din
_92286
245 0 _aThe Durr-Ul-Mukhtar /
_cMuhammad Ala-Ud-Din Haskafi
260 _bKitab Bhavan,
_c1992.
_aNew Delhi:
300 _a465p
650 0 _aHistory & geography
_vIslamic History
_92271
942 _cBK
_2ddc
_h297.14
_iHAS/D
_k297.14
_mHAS/D